Local asset backed vehicles (Record no. 115671)

MARC details
000 -LEADER
fixed length control field 01256cad a2200289 4500
001 - CONTROL NUMBER
control field L159095
008 - FIXED-LENGTH DATA ELEMENTS--GENERAL INFORMATION
fixed length control field 100215n2012 000 0 eng u
020 ## - INTERNATIONAL STANDARD BOOK NUMBER
International Standard Book Number 9781842197745
035 ## - SYSTEM CONTROL NUMBER
System control number (Sirsi) u159095
041 ## - LANGUAGE CODE
Language code of text/sound track or separate title eng
100 1# - MAIN ENTRY--PERSONAL NAME
Personal name Thompson, Brian
245 00 - TITLE STATEMENT
Title Local asset backed vehicles
Remainder of title A success story or unproven concept?
Medium [electronic resource]
260 ## - PUBLICATION, DISTRIBUTION, ETC.
Place of publication, distribution, etc. London
Name of publisher, distributor, etc. RICS
Date of publication, distribution, etc. 2012
490 #0 - SERIES STATEMENT
Series statement RICS Research
520 ## - SUMMARY, ETC.
Summary, etc. Review of Local Asset Backed Vehicles with Local Partnerships trying to provide objective commentary on their achievements. Looks at the challenges to their creation and operation, and their potential future shape and direction in the context of the financial and economic environment.
650 24 - SUBJECT ADDED ENTRY--TOPICAL TERM
Topical term or geographic name entry element LOCAL ASSET BACKED VEHICLES
650 24 - SUBJECT ADDED ENTRY--TOPICAL TERM
Topical term or geographic name entry element JOINT VENTURES
650 24 - SUBJECT ADDED ENTRY--TOPICAL TERM
Topical term or geographic name entry element PUBLIC PRIVATE PARTNERSHIPS
650 24 - SUBJECT ADDED ENTRY--TOPICAL TERM
Topical term or geographic name entry element LOCAL AUTHORITIES
651 #4 - SUBJECT ADDED ENTRY--GEOGRAPHIC NAME
Geographic name United Kingdom
690 ## - LOCAL SUBJECT ADDED ENTRY--TOPICAL TERM (OCLC, RLIN)
Topical term or geographic name as entry element Procurement
9 (RLIN) 6260
690 ## - LOCAL SUBJECT ADDED ENTRY--TOPICAL TERM (OCLC, RLIN)
Topical term or geographic name as entry element Infrastructure
9 (RLIN) 6246
710 1# - ADDED ENTRY--CORPORATE NAME
Corporate name or jurisdiction name as entry element Royal Institution of Chartered Surveyors
9 (RLIN) 4900
710 1# - ADDED ENTRY--CORPORATE NAME
Corporate name or jurisdiction name as entry element Local Partnerships
856 48 - ELECTRONIC LOCATION AND ACCESS
Uniform Resource Identifier <a href="https://www.realestateworks.co.uk/wp-content/uploads/2019/07/Local-Asset-Backed-Vehicles-A-success-story-or-unproven-concept.pdf">https://www.realestateworks.co.uk/wp-content/uploads/2019/07/Local-Asset-Backed-Vehicles-A-success-story-or-unproven-concept.pdf</a>
Public note View the research
942 ## - ADDED ENTRY ELEMENTS (KOHA)
Suppress in OPAC 0
Source of classification or shelving scheme Dewey Decimal Classification
Holdings
Withdrawn status Lost status Damaged status Not for loan Home library Current library Shelving location Date acquired Total Checkouts Full call number Date last seen Copy number Price effective from Koha item type
        Virtual Virtual Online 21/01/2016   ONLINE PUBLICATION 02/02/2024 1 06/08/2019 Online material